000 00723nam a2200229 i 4500
001 71962
003 ES-MaACL
005 20250702063046.0
007 t|
008 040820s1979 sp ||||1| spa d
020 _a84-85417-04-6
080 _a821.134.2-14"19"
100 1 _aGil-Albert, Juan,
_d1904-1994
_956757
245 1 0 _aRazonamiento inagotable con una carta final /
_cJuan Gil-Albert ; preliminar de César Simón.
260 _aMadrid :
_bCaballo Griego para la Poesía,
_c[1979]
300 _a114 p. :
_bretr. ;
_c24 cm.
490 1 _aHéroe ;
_v2
700 1 _aSimón, César,
_d1932-1997
_9106505
830 1 _aHéroe ;
_v2
_9183858
852 _aES-MaACL
_jA-10548
999 _c71962
_d71962